Bliski Wschód - Quiz na mapie - Statystyki

Ogólne statystyki
  • Ten quiz został rozwiązany 1 676 razy
  • Średni wynik to 13 z 17
Odpowiedzi na mapie
Odpowiedzi zakodowano w zielono-czerwonej skali na mapie do tego quizu, zgodnie z poniższymi procentami.
 
Statystyki odpowiedzi
Odpowiedź % Poprawnych
Egipt
96%
Cypr
95%
Turcja
95%
Arabia Saudyjska
90%
Irak
85%
Iran
82%
Oman
82%
Izrael
79%
Zjednoczone
Emiraty Arabskie
79%
Palestyna
74%
Syria
74%
Jemen
72%
Katar
71%
Bahrajn
70%
Jordania
67%
Kuwejt
67%
Liban
63%
Nie znaleziono quizów pasujących do podanych kryteriów
Rozkład punktacji
Procent ludzi z każdym wynikiem
Percentyl według liczby udzielonych odpowiedzi
Twoja historia wyników
Nie rozwiązałeś tego quizu